Подвижной состав и тяга поездов. Основы устройства и действия

Dades bibliogràfiques
Autor principal: Чечотт А. О.
Autor corporatiu: Институт инженеров путей сообщения императора Александра I
Idioma:rus
Publicat: Петроград, Издание Студенческой библиотеки ИИПС, 1922-
Format: MixedMaterials Llibre
KOHA link:https://koha.lib.tpu.ru/cgi-bin/koha/opac-detail.pl?biblionumber=315363

MARC

LEADER 00000nam1a2200000 4500
001 315363
005 20231102002754.0
035 |a (RuTPU)RU\TPU\book\340798 
090 |a 315363 
100 |a 20160229d1922 m y0rusy50 ca 
101 0 |a rus 
102 |a RU 
200 1 |a Подвижной состав и тяга поездов. Основы устройства и действия  |f А. О. Чечотт  |g Институт Инженеров Путей Сообщения  
210 |a Петроград  |c Издание Студенческой библиотеки ИИПС  |d 1922- 
700 1 |a Чечотт  |b А. О. 
712 0 2 |a Институт инженеров путей сообщения императора Александра I  |c (Санкт-Петербург)  |c (1877-1924)  |2 stltpush  |3 (RuTPU)RU\TPU\col\13502  |9 25700 
801 1 |a RU  |b 63413507  |c 20160229 
942 |c BK